00305nam a2200109Ia 4500008004100000245006300041260003700104260000900141300000900150650001400159650002200173170224s9999 xx 000 0 und d aEarly Identification of Reading Comprehension Difficulties bJournal of Learning Disabilities c2016 a49:5 xEducation xSpecial Education